000 00681nam a2200181Ia 4500
008 090124s9999 xx 000 0 und d
082 _b123070
100 _aगोगटे शकुंतला
245 _a दोघी ( ध्यास आणि चुटपूट दोन कादं.)
250 _a1
260 _c1989
300 _a191
600 _aगोगटे शकुंतला
630 _a दोघी ( ध्यास आणि चुटपूट दोन कादं.)
700 _aगोगटे शकुंतला
730 _a दोघी ( ध्यास आणि चुटपूट दोन कादं.)
942 _cBOOK
999 _c169156
_d169156